|
|
|
|
| LEADER |
00764nam a2200217Ia 4500 |
| 001 |
CTU_199346 |
| 008 |
210402s9999 xx 000 0 und d |
| 082 |
|
|
|a 428.0076
|
| 082 |
|
|
|b R724/L
|
| 100 |
|
|
|a Rogers, Bruce
|
| 245 |
|
4 |
|a The complete guide to the TOEFL Test :
|
| 245 |
|
0 |
|b Listening
|
| 245 |
|
0 |
|c Bruce Rogers
|
| 260 |
|
|
|a Singapore
|
| 260 |
|
|
|b Thomson Asia
|
| 260 |
|
|
|c 2007
|
| 650 |
|
|
|a English language,English language,Anh ngữ,Anh ngữ
|
| 650 |
|
|
|x Examinations,Study guides,Hướng dẫn học,Bài kiểm tra
|
| 904 |
|
|
|i Trọng Hiếu, Mai chuyển số PL từ 428.24 thành 428.0076 chưa in nhãn
|
| 910 |
|
|
|a Includes 1 CD-ROM: AVA.000732
|
| 980 |
|
|
|a Trung tâm Học liệu Trường Đại học Cần Thơ
|